U.S. Celebrity Gossip by Year, 1991–2009 - Statistics

General Stats
  • This quiz has been taken 38,233 times
    4,200 since last reset
  • The average score is 12 of 19
Answer Stats
Year Gossip Answer % Correct
2009 Singer whose acceptance speech was interrupted by Kanye West in a shocking act of villainy Taylor Swift
94%
1997 Princess who died in a car crash in Paris Princess Diana
93%
1994 Former athlete who allegedly killed his ex-wife and Ronald Goldman O.J. Simpson
83%
2002 Singer who dangled his newborn baby from a hotel balcony Michael Jackson
81%
2003 Heiress who was famous for being famous - and also for a sex tape Paris Hilton
80%
1998 Intern that Bill Clinton said he did not have sexual relations with, before admitting that he did Monica Lewinsky
79%
2006 Actor who blamed Jews for all the world's problems after being arrested for DUI Mel Gibson
67%
2005 Actor who jumped on Oprah's couch to declare his love Tom Cruise
66%
1992 Film director who dumped his longtime partner for her 19 year old daughter Woody Allen
66%
2008 Singer who divorced English filmmaker Guy Ritchie Madonna
64%
2001 "Beetlejuice" star who was arrested for shoplifting Winona Ryder
64%
1996 Woman whose brief marriage to Michael Jackson came to an end Lisa Marie Presley
61%
1995 Dapper romantic comedy star arrested after a dalliance with a prostitute named Divine Brown Hugh Grant
55%
2004 Disheveled backup dancer who became engaged to Britney Spears Kevin Federline
50%
1991 Children's actor who had a "Big Adventure" after he was arrested for lewd conduct in a porn theater Paul Reubens
50%
2007 Football player sentenced to prison for running a dog-fighting ring Michael Vick
44%
1993 Mustachioed actor who got divorced from Loni Anderson Burt Reynolds
40%
1999 Actress who got divorced from tennis star Andre Agassi Brooke Shields
37%
2000 Critically-acclaimed actor arrested for cocaine and valium possession while starring in "Ally McBeal" Robert Downey Jr.
34%
No matching quizzes found
Score Distribution
Percent of People with Each Score
Percentile by Number Answered
Your Score History
You have not taken this quiz since the last reset